000 00601nam a22002057a 4500
001 86502
003 BD-RjUL
005 20260518120645.0
008 260518s1955 pk ||||| |||| 00| 0 urd d
035 _a(BD-RjUL)86502
040 _aBD-RjUL
_beng
_cBD-RjUL
041 _aurd
082 _223
_a297.4
_bHUM 1955
100 _aحسین، اعجاز ;; Hussain, Ijaz
_918511
245 _aمذہب شاعری ;; mazhab shaari /
_cاعجاز حسین ;; Ijaz Hussain
260 _aKarachi :
_bUrdu Akademy,
_c1955
300 _a322 p. ;
_c20 cm
650 _aصوفی شاعری
_918512
942 _2ddc
_cBK
999 _c86502
_d86502